000 00401nam a2200157Ia 4500
008 230711s9999||||xx |||||||||||||| ||und||
041 _aENG
082 _a720
_bBE-P
100 _aBentley,J
245 0 _aPhilipes rome : Architecture history : a synthesis of structure design
250 _a1st
260 _c1991
_aNew Jersy
_bGeorage Philip
300 _a192
650 _aArchitecture
942 _cBK
999 _c2896
_d2896